L'Educació plàstica i l'art contemporani / Isabel Saludes
Descripción Física:
69 f. : il. ; 30 cm
Materias:
Art -- Ensenyament
MARC
| LEADER | 00000nam a2200000Ia 4500 | ||
|---|---|---|---|
| 001 | 2011 | ||
| 008 | 160829s9999 xx 000 0 cat d | ||
| 080 | |a E-1-13 | ||
| 100 | |a Saludes, Isabel |9 19939 | ||
| 245 | |a L'Educació plàstica i l'art contemporani / Isabel Saludes | ||
| 260 | |a Barcelona : |b Diputació de Barcelona. Servei d'Ensenyament i Investigació, [198 - ?] | ||
| 300 | |a 69 f. : |b il. ; |c 30 cm | ||
| 650 | |a Art |x Ensenyament |9 20850 | ||
| 710 | 1 | |a Barcelona (Catalunya : Província). |b Servei d'Ensenyament i Investigació |9 54366 | |
| 901 | |a Arxiu | ||
| 942 | |n 1 | ||
| 952 | |0 0 |1 0 |4 0 |6 E113 |7 1 |9 43838 |a Arxiu |b Arxiu |d 2016-12-01 |l 0 |o E-1-13 |p 2011 |r 2016-12-01 00:00:00 |w 2016-12-01 |y ARXIU | ||
| 999 | |c 46417 |d 46417 | ||